000 00452nam a2200157Ia 4500
008 151021s9999 xx 000 0 und d
020 _a324645546
050 _aHF 5681.W3K433 2008
245 _a_Payroll Accountting 2008 Edition / Bernard J. Bieg
260 _aCanada : Thomson , 2008
300 _axi,567 p.
500 _aIncludes index
500 _aIncludes index
650 _a_payroll Accounting
980 _a^d20150520 11:13:02^okorir
999 _c13798
_d13798